000 nam a22 a 4500
999 _c59275
_d59275
003 BLK
005 20230301181928.0
008 180408b bul|||||r ||||||| ||bul||
010 _aKNG00063362000
020 _a954-03-0160-2
040 _aBLK
041 _aBUL
_cBUL
080 _aЕзици за програмиране
_b519.682
_x(035)
_z519.682(035)
100 1 _aМартин, Джеймс
_eпърви автор
_9288856
139 _aМартин, Джеймс
_bМ 34
245 1 0 _aЕзици за програмиране от четвърто поколение
_bПринципи : Ръководство
_cДжеймс Мартин; прев. от англ. Велчо С. Велев.
257 _aBGR
260 _aСофия
_bТехника
_c1992
300 _a344 с.
_c24 см
380 _a5
500 _a5 071 тир. - Библиогр. след отд. гл.
650 4 _aЕзици за програмиране - наръчници и ръководства
_9241821
650 4 _aИзчислителни машини, електронни - програмиране
_9243269
653 _aезици за програмиране
653 _aизчислителни машини
653 _aръководства
700 1 _aВелев, Велчо С.
_eпрев. от англ.
_9369750
852 _aЦб 169558
856 4 _qpdf
_i0.00
_ldisable
856 4 _qpdf
_i0.00
_ldisable
942 _cKNG
_n0
_s1
944 _aCR
_c13.06.2004
_kКети_Илиева
944 _aED
_c21.02.2017
_kКина_Георгиева
999 _d59275